000 00593nam a2200205Ia 4500
003 GCL
008 140319s9999 xx 000 0 ara d
040 _aGCL /
_cGCL
082 0 4 _a811.1
_bم م
100 1 _aمفيد محمد قميحة
245 1 0 _aالمعلقات العشر /
_cمفيد محمد قميحة
260 _a[S.N] :
_bدار الفكر اللبنانى ،
_c1991
300 _a302 ص
490 _a
650 0 4 _aالشعر العربى
650 0 4 _aالادب العربى
650 0 4 _aالعصر الجاهلى
650 0 4 _aالمعلقات
942 _2ddc
_cBK
999 _c28700
_d28700